000 00620nam a2200217Ia 4500
003 OSt
005 20220928143340.0
006 a|||||r|||| 00| 0
007 ta
008 220927b |||||||| |||| 00| 0 eng d
024 _a21666
037 _cTextual
040 _aSDCL
_cSDCL
_beng
041 _2eng
_aeng
082 _aO-,1:g(U2), J9
100 _aNicolson Marjorie Hope
_9490551
245 0 _aMountain gloom and mountain glory
_b The development of the aesthetics of th infinite.
260 _c1959
942 _hO-,1:g(U2), J9
_cTEXL
_2CC
999 _c823696
_d823696